00693cam a22002173a 450000100060000000300060000600500170001200800410002904000150007004200070008505000070009210000290009924501470012826000290027550600300030451600200033465300240035465300260037883000290040485600420043311642PGUSA20140828083239.0040301s2004||||xxu|||||s|||||000 | eng d aPGUSAbeng adc 4aDA1 aHome, Gordon,d1878-196910aWhat to See in England :bA Guide to Places of Historic Interest, Natural Beauty or Literary Associationh[electronic resource] /cGordon Home bProject Gutenberg,c2004 aPublic domain in the USA. aElectronic text aWales -- Guidebooks aEngland -- Guidebooks 0aProject Gutenbergv1164240uhttp://www.gutenberg.org/ebooks/11642